Sports Quiz

Random Sports or Basketball Quiz

College Hoops Coaching Legends Quiz Stats

 Plays Quiz not verified by Sporcle

Challenge
Share
Tweet
Embed
Score 0/13 Timer 03:00
0 Plays Today
Titles Coach % Correct
10John Wooden
94.6%
3Bob Knight
92.1%
2Roy Williams
89.6%
2Dean Smith
88%
2Billy Donovan
88%
4Adolph Rupp
87.6%
2Jim Calhoun
84.6%
4Mike Krzyzewski
54.4%
2Denny Crum
53.9%
2Henry Iba
39.4%
2Branch McCracken
16.6%
2Ed Jucker
12.4%
2Phil Woolpert
11.2%

You're not logged in!

Compare scores with friends on all Sporcle quizzes.
Join for Free
OR
Log In

You Might Also Like...

Show Comments

Extras

Top Quizzes Today


Score Distribution

Your Account Isn't Verified!

In order to create a playlist on Sporcle, you need to verify the email address you used during registration. Go to your Sporcle Settings to finish the process.

Report this User

Report this user for behavior that violates our Community Guidelines.

Details: